MARC

LEADER 00000nam0a2200000 4500
001 177348
005 20231031165617.0
035 |a (RuTPU)RU\TPU\book\192260 
090 |a 177348 
100 |a 20100315d1975 k y0rusy50 ca 
101 0 |a rus 
102 |a RU 
105 |a a z 001zy 
200 1 |a Горячая плазма и управляемый ядерный синтез  |f С. Ю. Лукьянов 
210 |a Москва  |c Наука  |d 1975 
215 |a 407 с.  |c ил. 
320 |a Библиогр.: с. 398-407. 
610 1 |a плазма 
610 1 |a термоядерные реакции 
610 1 |a управляемые термоядерные реакции 
610 1 |a ядерный синтез 
610 1 |a перенос 
610 1 |a колебания 
610 1 |a устойчивость 
610 1 |a исследования 
610 1 |a диагностика 
610 1 |a магнитные ловушки 
610 1 |a импульсные системы 
675 |a 537.222  |v 3 
700 1 |a Лукьянов  |b С. Ю.  |g Степан Юрьевич 
801 1 |a RU  |b 63413507  |c 20100315 
801 2 |a RU  |b 63413507  |c 20150401  |g RCR 
942 |c BK